ИСП-АЭС анализ высокочистого карбоната лития; Перспективы развития фундаментальных наук; Т. 2 : Химия

গ্রন্থ-পঞ্জীর বিবরন
Parent link:Перспективы развития фундаментальных наук=Prospects of Fundamental Sciences Development: сборник научных трудов XV Международной конференции студентов, аспирантов и молодых ученых, г. Томск, 24-27 апреля 2018 г./ Национальный исследовательский Томский политехнический университет (ТПУ) ; под ред. И. А. Курзиной, Г. А. Вороновой.— , 2018
Т. 2 : Химия.— 2018.— [С. 343-345]
প্রধান লেখক: Гусельникова Т. Я.
সংস্থা লেখক: Российская академия наук (РАН) Сибирское отделение (СО) Институт неорганической химии им. А. В. Николаева (ИНХ)
অন্যান্য লেখক: Цыганкова А. Р. (научный руководитель)
সংক্ষিপ্ত:Заглавие с экрана
The techniques of atomic emission spectrometry with inductively coupled plasma (ICP-AES) for quantitative determination impurities in lithium carbonates are developed. Analytical lines for lithium-matrix (57 trace elements) are selected. Matrix interferences caused by the presence of lithium in the solutions are studied. The optimal concentrations of matrix are determined. The optimal power of the inductively coupled plasma are determined. LODs for trace elements are in the range from n•10{-8} to n•10{-4} wt %; RSD < 20%. The accuracy of the results is confirmed by the method of “introduced-found.” The developed techniques are express, simple, and can determine a broad range of trace elements.
ভাষা:রুশ
প্রকাশিত: 2018
বিষয়গুলি:
অনলাইন ব্যবহার করুন:http://earchive.tpu.ru/handle/11683/50816
বিন্যাস: MixedMaterials বৈদ্যুতিক গ্রন্থের অধ্যায়
KOHA link:https://koha.lib.tpu.ru/cgi-bin/koha/opac-detail.pl?biblionumber=627588

MARC

LEADER 00000naa2a2200000 4500
001 627588
005 20231101133453.0
035 |a (RuTPU)RU\TPU\conf\27507 
035 |a RU\TPU\conf\27492 
090 |a 627588 
100 |a 20180914d2018 k y0rusy50 ca 
101 0 |a rus  |d eng 
102 |a RU 
105 |a y z 100zy 
135 |a drcn ---uucaa 
181 0 |a i  
182 0 |a b 
200 1 |a ИСП-АЭС анализ высокочистого карбоната лития  |d ISP-AES analysis of high-purity lithium carbonate  |f Т. Я. Гусельникова, А. Р. Цыганкова  |g науч. рук. А. Р. Цыганкова 
203 |a Текст  |c электронный 
230 |a 1 компьютерный файл (pdf; 228 Kb) 
300 |a Заглавие с экрана 
320 |a [Библиогр.: с. 345 (2 назв.)] 
330 |a The techniques of atomic emission spectrometry with inductively coupled plasma (ICP-AES) for quantitative determination impurities in lithium carbonates are developed. Analytical lines for lithium-matrix (57 trace elements) are selected. Matrix interferences caused by the presence of lithium in the solutions are studied. The optimal concentrations of matrix are determined. The optimal power of the inductively coupled plasma are determined. LODs for trace elements are in the range from n•10{-8} to n•10{-4} wt %; RSD < 20%. The accuracy of the results is confirmed by the method of “introduced-found.” The developed techniques are express, simple, and can determine a broad range of trace elements. 
461 1 |0 (RuTPU)RU\TPU\conf\26928  |t Перспективы развития фундаментальных наук  |l Prospects of Fundamental Sciences Development  |o сборник научных трудов XV Международной конференции студентов, аспирантов и молодых ученых, г. Томск, 24-27 апреля 2018 г.  |o в 7 т.  |f Национальный исследовательский Томский политехнический университет (ТПУ) ; под ред. И. А. Курзиной, Г. А. Вороновой  |d 2018 
463 1 |0 (RuTPU)RU\TPU\conf\26930  |t Т. 2 : Химия  |v [С. 343-345]  |d 2018 
510 1 |a ISP-AES analysis of high-purity lithium carbonate  |z eng 
610 1 |a электронный ресурс 
610 1 |a атомно-эмиссионная спектрометрия 
610 1 |a карбонат лития 
610 1 |a функциональные материалы 
610 1 |a прекурсоры 
610 1 |a примеси 
700 1 |a Гусельникова  |b Т. Я. 
701 1 |a Цыганкова  |b А. Р. 
702 1 |a Цыганкова  |b А. Р.  |4 727 
712 0 2 |a Российская академия наук (РАН)  |b Сибирское отделение (СО)  |b Институт неорганической химии им. А. В. Николаева (ИНХ)  |c (Новосибирск)  |2 stltpush  |3 (RuTPU)RU\TPU\col\1483 
801 2 |a RU  |b 63413507  |c 20181005  |g RCR 
856 4 |u http://earchive.tpu.ru/handle/11683/50816 
942 |c BK